Lezioni di politica sociale / (Registro nro. 13158)

Detalles MARC
000 -LEADER
fixed length control field 00680nam a22002177a 4500
003 - CONTROL NUMBER IDENTIFIER
control field DO-SdBNP
005 - DATE AND TIME OF LATEST TRANSACTION
control field 20171128110324.0
008 - FIXED-LENGTH DATA ELEMENTS--GENERAL INFORMATION
fixed length control field 171128b 1967 ||||| |||| 00| 0 spa d
040 ## - CATALOGING SOURCE
Original cataloging agency BPMSU
Language of cataloging spa
Transcribing agency BPMSU
092 ## - LOCALLY ASSIGNED DEWEY CALL NUMBER (OCLC)
Classification number xxxx
Item number xxxx
100 1# - MAIN ENTRY--PERSONAL NAME
Personal name Einaudi, Luigi
245 10 - TITLE STATEMENT
Title Lezioni di politica sociale /
Statement of responsibility, etc. Luigi Einaudi ; Nota introduttiva di Federico Caffè.
260 ## - PUBLICATION, DISTRIBUTION, ETC. (IMPRINT)
Place of publication, distribution, etc. Torino :
Name of publisher, distributor, etc. Giulio Einaudi editore,
Date of publication, distribution, etc. 1967.
300 ## - PHYSICAL DESCRIPTION
Extent xiv, 338 p. ;
Dimensions 18 cm.
490 1# - SERIES STATEMENT
Series statement Nuova universale Einaudi
Volume/sequential designation 53
700 1# - ADDED ENTRY--PERSONAL NAME
Personal name Caffè, Federico
830 ## - SERIES ADDED ENTRY--UNIFORM TITLE
Uniform title Nuova universale Einaudi
Volume number/sequential designation 43
942 ## - ADDED ENTRY ELEMENTS (KOHA)
Source of classification or shelving scheme Dewey Decimal Classification
Koha item type Libros
945 ## - LOCAL PROCESSING INFORMATION (OCLC)
a Inventariado 2017 /LP
956 ## - LOCAL ELECTRONIC LOCATION AND ACCESS (OCLC)
Host name LOPEREZ
Access number 10
Compression information 20171128
Processor of request 0041
Existencias
Withdrawn status Lost status Source of classification or shelving scheme Damaged status Not for loan Collection code Home library Current library Date acquired Source of acquisition Total Checkouts Barcode Date last seen Price effective from Koha item type
    Dewey Decimal Classification     Colección General Biblioteca Pública Metropolitana Salomé Ureña Biblioteca Pública Metropolitana Salomé Ureña 11/28/2017 Donación   BPMSU17110486 11/28/2017 11/28/2017 Libros